| 000 | 02312nam a22003137a 4500 | ||
|---|---|---|---|
| 001 | 1539 | ||
| 003 | FISKH | ||
| 005 | 20230905150517.0 | ||
| 008 | 230905b cb ||||| |||| 00| 0 khr d | ||
| 020 | _a9789996305009 | ||
| 040 |
_aFISKH _beng _cFISKH _dFISKH |
||
| 082 | _a636.59 | ||
| 100 | _aStewart, Amber | ||
| 245 |
_aមួយជំហានដ៏ធំរបស់កាបកាប / _cអេមប៊ឺរ ស្ទេវ៉ាត - លែន ម៉ាឡូ - បកប្រែពីភាសាអង់គ្លេសដោយ ហួត វិច្ខិកា |
||
| 250 | _aបោះពុម្ពលើកទី៩ មិថុនា ២០២២ | ||
| 260 |
_aPhnom Penh : _bSipar, _c2010. |
||
| 300 |
_a27 pages : _bcolor illustrations ; _c24 cm |
||
| 490 | _aរឿងដំបូងៗ | ||
| 505 | _aG | ||
| 520 | _aកាបកាបជាកូនទាតូចមួយ។ វាចង់ទៅរៀនខ្លាំងណាស់។ ប៉ុន្តែថ្ងៃចូលរៀនមកដល់ ក្នុងចិត្តវារារែកមួយរំពេច។ ទោះយ៉ាងណាការចូលសាលារៀន គឺជាការបោះជំហានមួយយ៉ាងធំរបស់វា។ ក្នុងរឿងនេះ ក្ដីព្រួយបារម្ភរបស់កាបកាប ប្រែក្លាយជាស្នាមញញឹម ដោយសារការផ្ដល់ក្ដីស្រលាញ់និងគាំទ្រពីម្ដាយ ចំពោះការសិក្សារបស់កូន។ | ||
| 520 | _aKab Kap is a small duckling. She wants to go to school very much. But the day of school came to mind, she hesitated immediately. However, going to school is a big step. In this regard, Kab Kap's concern turns into a smile due to the mother's love and support for her child's education. | ||
| 521 | 8 |
_a380
_bLexile estimate |
|
| 521 | 8 |
_aG
_bRaz-Plus |
|
| 650 |
_aព្រួយបារម្ភ _vរារែក _xស្នាមញញឹម _yសាលារៀន |
||
| 651 |
_aWorry _vHesitate _xSmile _ySchool |
||
| 700 |
_aVichheka, Huot _eTranslator |
||
| 700 |
_aMarlow, Layn _eillustrator |
||
| 942 |
_2ddc _cBK _n0 |
||
| 999 |
_c1539 _d1539 |
||